1 chiffre pour 1 son - Statistiques

Statistiques générales
  • Ce quiz a été pris 94 fois
  • Le résultat moyen est 5 sur 10
Statistiques - réponses
Hint Réponse % Correct
Oh hisse la saucisse ! 6
90%
Il est bien étroit ce trou 3
74%
Tu dois te régaler avec les sucettes 7
73%
Mon mari agriculteur empeste toujours le bovin 20
53%
Une merguez de 4 cm, ce n'est pas réjouissant 100
51%
Se faire traiter de boloss, c'est vraiment humiliant 1000
49%
C'est parfois neuneu les lycéens 1
44%
Quand tu as la migraine, je suis très en colère 13
42%
Il ne manque que quelques cm pour que ça s'agrandisse 10
37%
Denise est dur à porter quand on a 18 ans 2
18%
Aucun quiz correspondant
Distribution des résultats
% des personnes avec chaque résultat
Percentile par nombre de réponses
Votre historique - résultats
Vous n’avez pas pris ce quiz